[Event "Chigorin Memorial 29th"]
[Site "St Petersburg"]
[Date "2022.10.25"]
[Round "4"]
[White "Miftakhova, Azalia"]
[Black "Surkova, Sofya"]
[Result "0-1"]
[WhiteElo "1559"]
[BlackElo "1807"]
[PlyCount "190"]
[EventDate "2022.10.22"]
[EventType "swiss"]
[EventRounds "9"]
[EventCountry "RUS"]
[SourceTitle "EXT 2024"]
[Source "ChessBase"]
[SourceDate "2023.10.10"]
[SourceVersion "1"]
[SourceVersionDate "2023.10.10"]
[SourceQuality "1"]

1. e4 c5 2. Nf3 d6 3. d4 cxd4 4. Nxd4 Nf6 5. Nc3 a6 6. f3 e5 7. Nb3 Be6 8. Be3 h5 9. Nd5 Bxd5 10. exd5 Nbd7 11. Qd2 Rc8 12. c4 g6 13. Be2 Bg7 14. 0-0 0-0 15. Na5 Qc7 16. Rac1 b6 17. Nc6 Nb8 18. Nb4 a5 19. Nc2 Na6 20. Na3 Nc5 21. Nb5 Qd7 22. b3 Ne8 23. Bd3 f5 24. Bc2 Ra8 25. a3 Nc7 26. Nc3 Qf7 27. b4 axb4 28. axb4 Nd7 29. Ba4 Rfb8 30. Bc6 Ra7 31. Ra1 Rxa1 32. Rxa1 e4 33. Ra7 Ne5 34. Nb5 Nxc4 35. Qe2 Nxe3 36. Rxc7 Qf6 37. Qxe3 Qa1+ 38. Kf2 Qb2+ 39. Qe2 Qxb4 40. Qa2 Qc5+ 41. Ke2 Bh6 42. Qb3 Qg1 43. fxe4 Qxg2+ 44. Kd3 Qxe4+ 45. Kc3 Qe1+ 46. Kc4 Qc1+ 47. Qc3 Qf1+ 48. Kb3 Qb1+ 49. Qb2 Qd3+ 50. Nc3 b5 51. Qe2 Qxe2 52. Nxe2 f4 53. Nd4 b4 54. Ra7 Bg7 55. Ne6 Be5 56. Ra2 Kh7 57. Rf2 Kh6 58. h4 Rg8 59. Kxb4 Rb8+ 60. Kc4 Rb1 61. Nxf4 Rh1 62. Ng2 Bg3 63. Rf3 Bxh4 64. Bd7 Kg5 65. Nf4 Kh6 66. Ne6 Rc1+ 67. Kb5 Be1 68. Rf8 Bc3 69. Re8 Bb2 70. Rg8 Be5 71. Be8 Rg1 72. Nf8 Bg7 73. Ne6 Be5 74. Nf8 h4 75. Bd7 g5 76. Rg6+ Kh5 77. Be8 Kg4 78. Ne6 Kf5 79. Rg8 h3 80. Rf8+ Kg4 81. Nxg5 Rb1+ 82. Kc6 Kxg5 83. Rg8+ Kh4 84. Rg6 Bf4 85. Rg8 Be5 86. Rg6 h2 87. Rh6+ Kg3 88. Bg6 Re1 89. Kd7 h1Q 90. Rxh1 Rxh1 91. Kc6 Kf4 92. Bf7 Ke3 93. Be6 Kd4 94. Bg8 Rc1+ 95. Kd7 Rc5 0-1

[Event "Chigorin Memorial 29th"]
[Site "St Petersburg"]
[Date "2022.10.23"]
[Round "2"]
[White "Miftakhova, Azalia"]
[Black "Zavialov, Nikita A"]
[Result "0-1"]
[WhiteElo "1559"]
[BlackElo "2024"]
[PlyCount "102"]
[EventDate "2022.10.22"]
[EventType "swiss"]
[EventRounds "9"]
[EventCountry "RUS"]
[SourceTitle "EXT 2024"]
[Source "ChessBase"]
[SourceDate "2023.10.10"]
[SourceVersion "1"]
[SourceVersionDate "2023.10.10"]
[SourceQuality "1"]

1. e4 c5 2. Nf3 e6 3. d4 cxd4 4. Nxd4 a6 5. Nc3 b5 6. a3 Bb7 7. Bd3 Qc7 8. Qe2 Bd6 9. h3 Be5 10. Be3 Nc6 11. Nxc6 Bxc3+ 12. bxc3 Qxc6 13. Bd4 f6 14. f4 d6 15. Qg4 Qd7 16. 0-0 e5 17. Qxd7+ Kxd7 18. fxe5 dxe5 19. Bc5 Nh6 20. Rfd1 Ke6 21. a4 Rhc8 22. Ba3 Rxc3 23. Bb4 Rc7 24. axb5 axb5 25. Rxa8 Bxa8 26. Ra1 Bc6 27. Ra6 Kd7 28. Ba5 Rb7 29. Ra8 Nf7 30. Rg8 Ke6 31. Rxg7 Nd6 32. Rg4 b4 33. Kf2 h5 34. Rh4 b3 35. c3 b2 36. Bb4 Nxe4+ 37. Rxe4 Bxe4 38. Bxe4 Ra7 39. Kg3 Ra1 40. Kh4 f5 41. Bd3 e4 42. Bc2 b1Q 43. Bxb1 Rxb1 44. Bc5 f4 45. Kg5 e3 46. Kxf4 e2 47. Bf2 e1Q 48. Bxe1 Rxe1 49. Kg5 Re5+ 50. Kf4 Rc5 51. h4 Kf6 0-1

[Event "Khanty-Mansiysk Governor Cup 17th"]
[Site "Khanty-Mansiysk"]
[Date "2021.11.18"]
[Round "8"]
[White "Popovich, Alexey"]
[Black "Miftakhova, Azalia"]
[Result "1-0"]
[WhiteElo "1990"]
[BlackElo "1530"]
[PlyCount "37"]
[EventDate "2021.11.11"]
[EventType "swiss"]
[EventRounds "9"]
[EventCountry "RUS"]
[SourceTitle "CBM 205 Extra"]
[Source "ChessBase"]
[SourceDate "2022.01.31"]
[SourceVersion "1"]
[SourceVersionDate "2022.01.31"]
[SourceQuality "1"]

1. e4 c5 2. Nf3 d6 3. d4 cxd4 4. Nxd4 Nf6 5. Nc3 a6 6. Bg5 e6 7. f4 Qb6 8. Qd2 Qxb2 9. Rb1 Qa3 10. e5 dxe5 11. fxe5 Nd5 12. Nxd5 exd5 13. Rb3 Qxa2 14. Qc3 Bd7 15. Qc7 Qa1+ 16. Ke2 Nc6 17. Rxb7 Nxd4+ 18. Kf2 Be6 19. Bb5+ 1-0